000 01012nam a2200313Ia 4500
003 OSt
005 20221007121041.0
006 a|||||r|||| 00| 0
007 ta
008 221006b |||||||| |||| 00| 0 eng d
020 _a9789380012049 (hbd)
024 _a112818
037 _b046, 15/06/2010, N R Book Distributors
_cTextbook
040 _aBDL
_cBDL
_beng
041 _2eng
_aeng
082 _aJ:6, Q0 Carb
100 _aRao S K
_9710562
245 0 _aPromotion of public-bred hybrids of field crops
_b Kalloo G Khare D
260 _aNew
_bDelhi Studium Press
_c2010
300 _axii, 257p.
_ccm.
500 _aIncludes bibliograhical references.; Index 253-257p.
650 _a Breed hybrids
_9710563
650 _a Plant breeding
_9710564
650 _aBotany
700 _a Kalloo G
_9710565
700 _a Khare D
_9710566
942 _hJ:6, Q0 Carb
_cTB
_2CC
999 _c1208371
_d1208371